| 000 | 00668nam a22002177a 4500 | ||
|---|---|---|---|
| 999 |
_c17640 _d17640 |
||
| 003 | AR-CdUCM | ||
| 008 | 190509b ||||| |||| 00| 0 spa d | ||
| 040 |
_aMUNICIPALIDAD PROVINCIAL DEL CUSCO _cBIBLIOTECA MUNICIPAL DEL CUSCO |
||
| 082 |
_a985.009 / _bC579 |
||
| 100 |
_aCisneros, Sara Hamann de _937776 |
||
| 245 | _aJosé de la Mar / | ||
| 260 |
_aLima : _c1964. |
||
| 300 |
_a136 páginas ; _c20 cm. |
||
| 440 |
_aBiblioteca hombres del Perú _937520 |
||
| 505 | _aContenido: Historia del Perú. | ||
| 650 |
_aLiteratura peruana _9169 |
||
| 650 |
_aHombres del Perú _937777 |
||
| 650 |
_aBiografias _9148 |
||
| 942 |
_2ddc _cLIBROS |
||
| 945 |
_adavv _d2019-05-09 |
||